LEADER 00834cam2-22003011i-450- 001 990000395610403321 005 20050711133214.0 010 $a0-8247-2496-8 035 $a000039561 035 $aFED01000039561 035 $a(Aleph)000039561FED01 035 $a000039561 100 $a20020821d1976----km-y0itay50------ba 101 0 $aeng 102 $aUS 105 $aa-------001yy 200 1 $aAbrasives to acrylonitrile 210 $aNew York$cM. Dekker$d1976 215 $aXIII, 472 p.$cill.$d26 cm 461 0$1001000029700$12001$aEncyclopedia of chemical processing and design$v01 676 $a660.28 801 0$aIT$bUNINA$gRICA$2UNIMARC 901 $aBK 912 $a990000395610403321 952 $a04 170-34/1$bCI 7089/741$fDINCH 959 $aDINCH 996 $aAbrasives to acrylonitrile$9135412 997 $aUNINA LEADER 01031nam a22002531i 4500 001 991000333269707536 005 20031207205607.0 008 040204s1988 it a||||||||||||||||ita 035 $ab12601160-39ule_inst 035 $aARCHE-060837$9ExL 040 $aDip. SSC$bita$cA.t.i. Arché s.c.r.l. Pandora Sicilia s.r.l. 082 04$a372.357 245 00$aEsperienze di biologia :$braccolta di lavori eseguiti a Scuola-citta Pestalozzi /$ca cura di Carla Grazzini Hoffmann 260 $aScandicci :$bLa nuova Italia,$c1988 300 $aVI, 188 p. :$bill. ;$c21 cm 440 0$aDidattica viva.$pGuide per la scuola di base ;$v11 650 4$aBiologia$xInsegnamento$xScuola elementare 700 1 $aGrazzini Hoffmann, Carla 907 $a.b12601160$b02-04-14$c12-02-04 912 $a991000333269707536 945 $aLE021 DI1A11$g1$iLE021N-3875$lle021$o-$pE0.00$q-$rl$s- $t0$u0$v0$w0$x0$y.i13081998$z12-02-04 996 $aEsperienze di biologia$9277717 997 $aUNISALENTO 998 $ale021$b12-02-04$cm$da $e-$fita$git $h0$i1